000 00505nam a2200145Ia 4500
041 _aArabic
082 _a728.09569 cut-944 ح
100 _a20260118u\\\\\\\\\\\y0engy0103\\\\ba
100 _aعلي الحيدري
245 0 _aالبيت البغدادي التطورات المعمارية التى طرات على البيت العراقي مع الزمن
250 _aط1
260 _bدار المدى للثقافة والنشر
_aدمشق - سوريا
_c2008
300 _a298
942 _cBk
999 _c189818
_d189818